|
|
|
|
| LEADER |
00000ny a22000003n 4500 |
| 005 |
20110520113321.0 |
| 008 |
080609s2006 sp s 000 0 spa c |
| 020 |
|
|
|a 8476987722
|
| 035 |
|
|
|a 2041
|
| 040 |
|
|
|a UMA.RE
|d vLex
|
| 080 |
|
|
|a 004:347.94(460)(0.034)
|
| 080 |
|
|
|a 347.94(460):004(0.034)
|
| 090 |
|
|
|c 86
|d 86
|
| 100 |
1 |
|
|a Pasamar, Abraham
|
| 245 |
1 |
0 |
|a Empresa y prueba informt̀ica
|h [Recurso electrn̤ico]
|c Xavier Abel Lluch, director ; Nr︢ia Ginš Castellet, coordinadora ; Abraham Pasamar, Guillermo Ormazb̀al Sǹchez, Manuel Bellido Aspas, [ponentes]
|
| 256 |
|
|
|a Servicio en ln̕ea
|
| 260 |
|
|
|a Barcelona :
|b Bosch,
|c 2006
|
| 490 |
1 |
|
|a Coleccin̤ de Formacin̤ Continua
|
| 500 |
|
|
|a "...reune los trabajos aportados en la Jornada sobre Empresa y prueba informt̀ica celebrada en el mes de junio de 2006..." -- p. 7
|
| 506 |
1 |
|
|a Contenido solo disponible en los productos indicados
|d vLex Global
|d vLex Global (Academic Edition, excluding Law Schools)
|d vLex Global (U.S. Academic Edition, Law Schools)
|d vLex Global (U.S. Academic Edition, excluding Law Schools)
|d vLex Global (Academic Edition, Law Schools)
|
| 650 |
0 |
7 |
|a Societario
|2 Tesauro vLex
|
| 650 |
0 |
7 |
|a Nuevas tecnologa̕s
|2 Tesauro vLex
|
| 650 |
0 |
7 |
|a Empresa y empresario
|2 Tesauro vLex
|
| 700 |
1 |
|
|a Abel Lluch, Xavier,
|e dir
|
| 700 |
1 |
|
|a Bellido Aspas, Manuel
|
| 700 |
1 |
|
|a Ginš Castellet, Nr︢ia,
|e coord
|
| 700 |
1 |
|
|a Ormazb̀al Sǹchez, Guillermo
|
| 740 |
0 |
|
|a vLex Libros (Servicios en ln̕ea)
|
| 830 |
0 |
|
|a Coleccin̤ de Formacin̤ Continua (Facultad de Derecho Esade)
|
| 856 |
4 |
0 |
|u http://vlex.com/source/2041
|z Acceso restringido
|
| 942 |
|
|
|c BOOK
|
| 999 |
0 |
|
|a Law
|b Spain
|